000 00532cam a2200193 4500
008 020716n2002 000 0 eng u
020 _a1860815383
035 _a(Sirsi) u118848
050 _a690.18
100 _aGarvin, S.
245 _aWhole life performance of domestic automatic door controls
260 _aGarston
_bBRE
_c2002
300 _a16p.
_bill
_c30cm.
490 _aInformation Paper
_v2/02
650 _aDOORS
650 _aFIRE DOORS
690 _aBUILDING AND CONSTRUCTION-DESIGN AND STRUCTURE
942 _n0
999 _c102184
_d102184